Разработка и исследование системы управления энергосберегающим преобразователем напряжения с коррекцией коэффициента мощности; Электронные приборы, системы и технологии

Dettagli Bibliografici
Parent link:Электронные приборы, системы и технологии.— 2011.— [С. 73-76]
Autore principale: Минина Т. В.
Altri autori: Лукашенков А. В. (научный руководитель)
Riassunto:Заглавие с титульного листа
Электронная версия печатной публикации
Lingua:russo
Pubblicazione: 2011
Serie:Секция B: Силовая электроника и преобразовательная техника
Soggetti:
Accesso online:http://www.lib.tpu.ru/fulltext/v/Conferences/2011/C4/C4a22.pdf
Natura: MixedMaterials Elettronico Capitolo di libro
KOHA link:https://koha.lib.tpu.ru/cgi-bin/koha/opac-detail.pl?biblionumber=207037

MARC

LEADER 00000naa2a2200000 4500
001 207037
005 20260203162317.0
035 |a (RuTPU)RU\TPU\book\225787 
035 |a RU\TPU\book\225786 
090 |a 207037 
100 |a 20120119d2011 k y0rusy50 ca 
101 0 |a rus 
102 |a RU 
135 |a drnn ---uucaa 
181 0 |a i  
182 0 |a b 
200 1 |a Разработка и исследование системы управления энергосберегающим преобразователем напряжения с коррекцией коэффициента мощности  |f Т. В. Минина  |g науч. рук. А. В. Лукашенков 
203 |a Текст  |c электронный 
215 |a 1 файл (322 Кб) 
225 1 |a Секция B: Силовая электроника и преобразовательная техника 
300 |a Заглавие с титульного листа 
300 |a Электронная версия печатной публикации 
320 |a Библиогр.: с. 75-76 (3 назв.) 
337 |a Adobe Reader 
463 1 |0 (RuTPU)RU\TPU\book\222584  |t Электронные приборы, системы и технологии  |o сборник научных трудов I Всероссийской научно-практической конференции студентов, аспирантов и молодых ученых, Томск, 14-18 ноября 2011 г.  |f Национальный исследовательский Томский политехнический университет (ТПУ); под ред. О. А. Кожемяк; Е. Ю. Киселевой  |v [С. 73-76]  |d 2011 
610 1 |a преобразователи напряжения 
610 1 |a энергосберегающие преобразователи 
610 1 |a системы управления 
610 1 |a разработка 
610 1 |a исследование 
610 1 |a коэффициент мощности 
610 1 |a электронный ресурс 
700 1 |a Минина  |b Т. В. 
702 1 |a Лукашенков  |b А. В.  |4 727 
801 1 |a RU  |b 63413507  |c 20120118 
801 2 |a RU  |b 63413507  |c 20131018  |g RCR 
856 4 |u http://www.lib.tpu.ru/fulltext/v/Conferences/2011/C4/C4a22.pdf 
942 |c CF